000 00747nam a2200253 a 4500
008
020 _a0256035350 (hbk.)
049 _aMAIN
090 _aTS156
100 1 _aDuncan, Acheson J.
245 1 0 _aQuality control and industrial statistics /
_cAcheson J. Duncan.
250 _a5th ed.
260 _aHomewood, Ill. :
_bIrwin,
_c1986.
300 _axxii, 1123 p. :
_bill. ;
_c24 cm.
504 _aIncludes bibliographical references.
500 _aIncludes index.
650 0 _aQuality control
_xStatistical methods.
650 0 _aSampling (Statistics).
907 _a.b10022168
_b17-04-07
_c17-04-03
003
005 20230123134207.0
040 _cNUST
942 _cBOOKS
_kTS156
999 _c161677
_d161677